01525nam a2200349Ia 4500001001200000003000800012006001900020007001500039008004100054010001700095020003600112020001800148040002100166035002100187050002500208100002400233245013700257260004900394300001400443490006100457504006400518533015200582650004300734650005600777650004300833651004800876655002900924710001700953830006200970856012601032999001701158ebr10277719CaPaEBRm u cr cn|||||||||030711s2004 miu sb 001 0 eng d z 2003015703 z0472113607 (cloth : alk. paper) z9780472031382 aCaPaEBRcCaPaEBR a(OCoLC)60622253614aDD78.B55bC36 2004eb1 aCampt, Tina,d1964-10aOther Germansh[electronic resource] :bBlack Germans and the politics of race, gender, and memory in the Third Reich /cTina Campt. aAnn Arbor :bUniversity of Michigan,cc2004. ax, 283 p.1 aSocial history, popular culture, and politics in Germany aIncludes bibliographical references (p. 263-273) and index. aElectronic reproduction.bPalo Alto, Calif. :cebrary,d2011.nAvailable via World Wide Web.nAccess may be limited to ebrary affiliated libraries. 0aAfricanszGermanyxHistoryy1939-1945. 0aBlacksxRace identityzGermanyxHistoryy1939-1945. 0aWorld War, 1939-1945xBlackszGermany. 0aGermanyxRace relationsxPolitical aspects. 7aElectronic books.2local2 aebrary, Inc. 0aSocial history, popular culture, and politics in Germany.40uhttp://site.ebrary.com/lib/rucke/Doc?id=10277719zAn electronic book accessible through the World Wide Web; click to view c20399d20399